Statistics for Top 50 Receivers In A Game

Click here to take the quiz!

General Stats

  • This quiz has been taken 20 times
  • The average score is 19 of 51

Answer Stats

TeamYearYardsAnswer% Correct
12. Texans2012273Andre Johnson
100%
10. Steelers2015284Antonio Brown
100%
2. Lions2013329Calvin Johnson
100%
36. Lions2012244Calvin Johnson
100%
20. Bengals2006260Chad Johnson
100%
32. Lions1989248Richard Johnson
100%
8. 49ers1995289Jerry Rice
95%
40. 49ers1985241Jerry Rice
95%
6. Falcons2016300Julio Jones
95%
27. Falcons2017253Julio Jones
95%
21. Falcons2014259Julio Jones
95%
14. Chiefs2020269Tyreek Hill
84%
*51. Rams1997233Isaac Bruce
79%
11. 49ers2000283Terrell Owens
79%
7. Jaguars2000291Jimmy Smith
63%
18. Seahawks1987261Steve Largent
63%
42. Texans2014238DeAndre Hopkins
47%
1. Rams1989336Flipper Anderson
47%
17. Browns2013261Josh Gordon
47%
46. Browns2013237Josh Gordon
47%
45. Packers1943237Don Hutson
32%
29. Steelers2002253Plaxico Burress
32%
31. Bears2013249Alshon Jeffery
26%
25. Redskins1987255Anthony Allen
26%
39. Redskins1986241Gary Clark
26%
44. Rams1973238Harold Jackson
26%
30. Cowboys2009250Miles Austin
26%
41. Bills1999240Eric Moulds
21%
34. Cowboys1966246Bob Hayes
11%
28. Dolphins2012253Brian Hartline
11%
48. Jaguars2012236Justin Blackmon
11%
49. Steelers1961235Buddy Dial
5%
13.Oilers1961272Charley Hennigan
5%
35. Oilers1990245Haywood Jeffires
5%
9. 49ers1989286John Taylor
5%
16. Bills2006265Lee Evans
5%
24. Cardinals1942256Sonny Randle
5%
47. Eagles1961237Tommy McDonald
5%
19. Chargers1982260Wes Chandler
5%
37. Chargers1985243Wes Chandler
5%
33. Raiders1963247Art Powell
0%
23. Packers1956257Billy Howton
0%
43. Dolphins2005238Chris Chambers
0%
5. Lions1950302Cloyce Box
0%
15. Giants1962269Del Shofner
0%
50. Titans2004233Drew Bennett
0%
38. Cowboys1962241Frank Clarke
0%
26. Bills1979255Jerry Butler
0%
4. Rams1945303Jim Benton
0%
22. Ravens1999258Qandry Ismail
0%
3. Chiefs1985309Stephone Paige
0%

Score Distribution

Percentile by Number Answered

Percent of People with Each Score

Your Score History

You have not taken this quiz